| 000 | 00527 a2200181 4500 | ||
|---|---|---|---|
| 999 |
_c9735 _d9735 |
||
| 050 | _aKTL19.A35SOU 1991 | ||
| 100 |
_aFisher David S _eeditor |
||
| 245 |
_aThe South African Law Reports _b1991 (2) April _cDavid S Fisher |
||
| 264 |
_aJohannesburg , SA : _bJUTA, _c1991 |
||
| 300 | _a296p. | ||
| 500 | _aIncludes index | ||
| 650 | _aLaw Reports | ||
| 651 | _aSouth Afirca | ||
| 700 |
_aBrenda Badenhorst _eeditor |
||
| 700 |
_aNita Hanmer _eeditor |
||
| 700 |
_aGideon Hanmer _eEditor |
||
| 942 |
_2lcc _cSERIALS _h19.A35 _iSOU _kKTL |
||